Les villes françaises représentées dans Pokémon - Statistiques

Statistiques générales
  • Ce quiz a été pris 215 fois
  • Le résultat moyen est 9 sur 16
Statistiques - réponses
Ville pokémon Région réelle Ville réelle % Correct
Illumis Île-de-France Paris
99%
Batisques Auvergne-Rhône-Alpes Lyon
85%
Relifac-le-Haut Pays de la Loire Nantes (ou Saint-Nazaire)
76%
Mozheim Grand Est Strasbourg (ou Mulhouse ou Molsheim)
76%
Romant-sous-Bois Hauts-de-France Lille (ou Amiens)
75%
Port Tempères Normandie Le Havre (et Deauville)
60%
Flusselles Grand Est Metz (ou Nancy)
60%
Roche-sur-Gliffe Nouvelle-Aquitaine La Rochelle
51%
Fort-Vanitas Centre-Val de Loire Tours
47%
La Frescale Grand Est Reims
43%
Auffrac-les-Congères Bourgogne-Franche-Comté Besançon (et Belfort)
42%
Yantreizh Bretagne Saint-Malo
39%
Quarellis Bourgogne-Franche-Comté Auxerre (ou Nevers)
36%
Cromlac'h Bretagne Carnac
34%
Neuvartault Île-de-France Fontainebleau
24%
Bourg-Croquis Auvergne-Rhône-Alpes Moulins
19%
Aucun quiz correspondant
Distribution des résultats
% des personnes avec chaque résultat
Percentile par nombre de réponses
Votre historique - résultats
Vous n’avez pas pris ce quiz